00781nam a22001575i 4500001000700000003000900007005001700016008004100033040003000074100002500104245016000129260009600289300002100385700003500406852018200441167089ES-MaACL20230906213447.0990928s1876 sp |||| | spa d aCCPB | B bspa cCCPB | B1 aVega, Ricardo de la.14aUna jaula de locos b: revista político-periodística, en un acto, en prosa y verso / coriginal de Ricardo de la Vega ; música del Maestro Caballero. aMadrid : bAdministración lírico-dramática, c1876 (fImprenta de José M. Ducazcal) a31 p. ; c20 cm.0 aFernández Caballero, Manuel. aES-MaACLjF-8607(9) z-- Enc. pasta española z--Enc. en un vol. facticio formando parte de la col. facticia "Teatro español moderno", vol. 62 q.- Falto de la cub. original